000 005400000a22001210004500
100 1 _aVasconcelos, Gláucia.
245 1 0 _aEcumenismo primo: onde a vida une
300 _ano.30 (dic., 2009), p. 3-13
520 _a"Las aguas del bautismo nos atraen más y más profundamente al conocimiento de que somos cada uno de nosotros y cada una de nuestras iglesias más que una sola gota: sabemos que las gotas se necesitan para formar el río de la vida que hace todo fresco y nuevo. "
650 1 4 _aECUMENISMO
773 0 _tTEAR
942 _cANA
999 _c63094
_d63094